000 00590nai a2200181Ia 4500
003 IN-BaIIA
008 211028c9999 xx s 000 0 eng d
022 _a0142-2421 (Print)
022 _a1096-9918 (Online)
040 _cIIA Library
245 0 _aSurface And Interface Analysis
_h[eJournal]
260 _aNew Jersey
_bJohn Wiley & Sons
310 _aMonthly
362 _a24(1); 1996 - Present
521 _bSubscribed through National Knowledge Resource Consortium (NKRC)
856 _uhttps://onlinelibrary.wiley.com/journal/10969918
_yClick Here to Access eJournal
942 _cEJ
999 _c35743
_d35743